000 00398nam a2200145 i 4500
001 bg
100 1 _aNOWICKI, Tadeusz
245 0 _aO metodzie wstępnego projetowania struktur toplogicznych /
_cTadeusz Nowicki, Wiesław Stańczak.
260 _aWarszawa,
_c1980.
700 1 _aSTAŃCZAK, Wiesław
040 _cBPK
041 _apol
942 _cKS
008 s pl f |000 0 pol
999 _c19913
_d19913
856 _uhttp://koha.tu.koszalin.pl/cgi-bin/koha/opac-detail.pl?biblionumber=19913
_yKatalog online BPK